Hindu culture, economic development and economic planning in India ; a collection of essays.

Bibliographic Details
Main Author: Kapp, K. William (Karl William), 1910-1976
Format: Book
Language:English
Published: New York : Asia Pub. House, [1963]
Subjects:

MARC

Tag First Indicator Second Indicator Subfields
LEADER 00000cam a2200000 4500
001 in00000064300
005 20151008051757.0
008 761021s1963 ii b 00000 eng
010 |a sa 63001415  
035 |a (OCoLC)02519501 
035 |9 AAG9928AM 
040 |a DLC  |c KKU  |d TXA  |d UtOrBLW 
049 |a TXAM  |c [367610] 
050 0 |a HC435  |b .K37 1963 
092 |a 338.954  |b K17h 
100 1 |a Kapp, K. William  |q (Karl William),  |d 1910-1976. 
245 1 0 |a Hindu culture, economic development and economic planning in India ;  |b a collection of essays. 
264 1 |a New York :  |b Asia Pub. House,  |c [1963] 
300 |a 228 pages ;  |c 23 cm. 
336 |a text  |b txt  |2 rdacontent 
337 |a unmediated  |b n  |2 rdamedia 
338 |a volume  |b nc  |2 rdacarrier 
504 |a Includes bibliography. 
650 0 |a Hindu civilization. 
651 0 |a India  |x Economic conditions. 
999 |a MARS 
999 f f |s 13526bc1-39f6-3625-b84f-de15c4a27d4e  |i d7b29441-fc10-3357-bcb4-b1e583fd7618  |t 0 
952 f f |p ric  |a Texas A&M University  |b Rellis Campus  |c Joint Library Facility  |d Remote Storage  |t 0  |e HC435 .K37 1963  |h Library of Congress classification  |i unmediated -- volume  |m A14800775123 
998 f f |a HC435 .K37 1963  |t 0  |l Remote Storage